La alegría de la huerta : (Record no. 176570)

MARC details
000 -LEADER
campo de control de longitud fija 01181nam a22002535i 4500
001 - NÚMERO DE CONTROL
campo de control 176570
003 - IDENTIFICADOR DE NÚMERO DE CONTROL
campo de control ES-MaACL
005 - FECHA Y HORA DE LA ÚLTIMA TRANSACCIÓN
campo de control 20230906220125.0
008 - DATOS DE LONGITUD FIJA--INFORMACIÓN GENERAL
campo de control de longitud fija 110124q1950 sp 000 d spa d
080 ## - NÚMERO DE LA CLASIFICACIÓN DECIMAL UNIVERSAL
Número de la Clasificación Decimal Universal 821.134.2-21"18/19"
100 1# - ENTRADA PRINCIPAL--NOMBRE DE PERSONA
Nombre de persona García Álvarez, Enrique.
9 (RLIN) 185668
245 13 - MENCIÓN DEL TÍTULO
Título La alegría de la huerta :
Resto del título zarzuela en un acto dividido en tres cuadros /
Mención de responsabilidad, etc. original y en prosa de Enrique García Álvarez y Antonio Paso . El asombro de Damasco : zarzuela en dos actos inspirada en un cuento de Las mil y una noches / por Antonio Paso y Joaquín Abati.
260 ## - PUBLICACIÓN, DISTRIBUCIÓN, ETC.
Lugar de publicación, distribución, etc. Madrid :
Nombre del editor, distribuidor, etc. [s. n.,
Fecha de publicación, distribución, etc. ca. 1950] (
Fabricante Arba, imp.)
300 ## - DESCRIPCIÓN FÍSICA
Extensión 87 p. ;
Dimensiones 17 cm.
490 1# - MENCIÓN DE SERIE
Mención de serie Biblioteca teatral ;
Designación de volumen o secuencia 153
594 ## - Nota al título y mención de responsabilidad
Nota al título y mención de responsabilidad En port.: Estrenadas en el Teatro Eslava, la noche del 20 de enero de 1900; y en el Teatro de Apolo, el 20 de septiembre de 1916, respectivamente.
599 ## - NOTA A LAS ILUSTRACIONES
NOTA A LAS ILUSTRACIONES Antep. ilustrada.
700 1# - ENTRADA AGREGADA--NOMBRE PERSONAL
Nombre de persona Paso, Antonio.
9 (RLIN) 89421
700 1# - ENTRADA AGREGADA--NOMBRE PERSONAL
Nombre de persona Abati, Joaquín,
Fechas asociadas al nombre 1865-1936
9 (RLIN) 17986
740 32 - ENTRADA AGREGADA--TÍTULO RELACIONADO/ANALÍTICO NO CONTROLADO
Título relacionado o analítico no controlado El asombro de Damasco.
830 1# - PUNTO DE ACCESO ADICIONAL DE SERIE-TÍTULO UNIFORME
Título uniforme Biblioteca teatral ;
Designación de volumen o secuencia 153
9 (RLIN) 190120
852 4# - LOCALIZACIÓN
Ubicación ES-MaACL
Número de control de estantería E-14126 (153)
Encuadernación Olim P-302
Nota libre - Enc. con otros títulos
Holdings
Estatus retirado Estado de pérdida Estado de daño No para préstamo Biblioteca de origen Biblioteca actual Ubicación en estantería Fecha de adquisición Fuente de adquisición Total de préstamos Signatura topográfica completa Código de barras Visto por última vez Precio de reemplazo Tipo de ítem Koha
        Biblioteca del Ateneo de Madrid Biblioteca del Ateneo de Madrid Depósito 2 24/01/2011     E-14126 (153) 1185431 23/02/2023 23/02/2023 Libro impreso